Т. 1: A - L; Толковый словарь современного английского языка для продвинутого этапа

Détails bibliographiques
Parent link:Толковый словарь современного английского языка для продвинутого этапа/ А. Хорнби при участии А. П. Коуи. Т. 1: A - L.— спец. изд. для СССР.— , 1982
Résumé:Обл. и тит.л. на англ. яз.
Langue:russe
anglais
Publié: 1982
Sujets:
Format: Livre
KOHA link:https://koha.lib.tpu.ru/cgi-bin/koha/opac-detail.pl?biblionumber=21785

MARC

LEADER 00000nam2a2200000 4500
001 21785
005 20231030194100.0
035 |a (RuTPU)RU\TPU\book\21994 
035 |a BOOK00006687 
090 |a 21785 
100 |a 20011209d1982 m y0rusy50 ca 
101 0 |a rus  |a eng 
102 |a RU 
105 |a y e 000zy 
200 0 |a Т. 1: A - L  |f А. С. Хорнби 
210 |d 1982 
215 |a 509 с. 
300 |a Обл. и тит.л. на англ. яз. 
461 1 |0 (RuTPU)RU\TPU\book\132375  |t Толковый словарь современного английского языка для продвинутого этапа  |f А. Хорнби при участии А. П. Коуи  |v Т. 1: A - L  |e спец. изд. для СССР  |d 1982 
610 1 |a английский язык 
610 1 |a словари 
610 1 |a толковые словари 
610 1 |a продвинутый этап 
686 |a Ш143.21-42  |v LBC/SL-A  |2 rubbk 
801 0 |a RU  |b 63413507  |c 20011209  |g PSBO 
801 2 |a RU  |b 63413507  |c 20110909  |g PSBO 
942 |c BK